000 00470nam a2200169 a 4500
001 000014738
005 20200929163908.0
008 100119s1975 ag 000 0 spa d
040 _aDO-SdBNP
_bspa
_cBNPHU
082 _aA863.44
_bP598m, 1975
100 1 _aPico, Pancho,
_933423
245 1 0 _aMatrimonio sorprendente :
_buna novela /
_cPancho Pico.
250 _a2a ed.
260 _aBuenos Aires :
_bMundo Hispano,
_c1975.
300 _a92 p. ;
_c18 cm.
049 _aBNGR
999 _c14321
_d14321